Statistics for Five Biggest Countries by Area and Population by Continent

Click here to take the quiz!

General Stats

  • This quiz has been taken 1,686 times
    (1,583 since last reset)
  • The average score is 35 of 42

Answer Stats

Continent Country % Correct
Asia, EuropeRussia
99%
AsiaChina
98%
North AmericaCanada
97%
North AmericaUnited States
97%
EuropeFrance
96%
OceaniaAustralia
96%
EuropeUnited Kingdom
95%
AsiaIndia
95%
EuropeGermany
95%
North AmericaMexico
94%
OceaniaNew Zealand
93%
South AmericaBrazil
93%
AfricaAlgeria
91%
South AmericaArgentina
90%
AfricaDR Congo
89%
AfricaNigeria
89%
EuropeSpain
88%
EuropeItaly
86%
EuropeUkraine
86%
South AmericaColombia
85%
AfricaEgypt
85%
AfricaSouth Africa
84%
AsiaIndonesia
84%
South AmericaPeru
84%
OceaniaPapua New Guinea
81%
AfricaSudan
78%
North AmericaCuba
78%
OceaniaFiji
77%
AsiaKazakhstan
77%
South AmericaVenezuela
76%
AsiaPakistan
75%
South AmericaBolivia
74%
AfricaEthiopia
72%
AfricaLibya
71%
AfricaChad
71%
EuropeSweden
70%
North AmericaGuatemala
69%
AsiaBangladesh
68%
North AmericaNicaragua
67%
North AmericaHonduras
66%
AsiaSaudi Arabia
64%
OceaniaSolomon Islands
61%

Score Distribution

Percentile by Number Answered

Percent of People with Each Score

Your Score History

You have not taken this quiz since the last reset